Estadísticas para Países más cercanos a Benín

Haz click aquí para intentar la prueba.

Estadísticas generales

  • Esta prueba ha sido intentada 22 veces
  • La puntuación promedio es 17 de 20

Estadísticas de respuestas

kmpaís% Correcto
1261Congo
100%
668Camerún
95%
947Guinea
95%
326Malí
95%
0Níger
95%
0Nigeria
95%
0Togo
95%
1114Chad
90%
315Côte d'Ivoire
90%
720Guinea Ecuatorial
90%
857Mauritania
90%
43Ghana
85%
735Santo Tomé y Príncipe
85%
1340Senegal
85%
0Burkina Faso
80%
997Liberia
80%
1232Sierra Leona
80%
969Gabón
75%
733Argelia
70%
1291República
Centroafricana
70%

Distribución de puntuación

Porcentaje por número respondido

Porcentaje de gente con cada puntuación

Historial de tus puntuaciones

No has intentado esta prueba.